000
00255nam a22001097a 4500
003
OSt
008
250211b |||||||| |||| 00| 0 eng d
041
_a
eng
100
_a
Sahasrabudhe, S R.
_9
148
245
_a
Text Book of Irrigation Engineering
942
_c
BK
999
_c
19353
_d
19353